Les plus gros partenaires commerciaux - Serbie - Statistiques

Statistiques générales
  • Ce quiz a été pris 76 fois
  • Le résultat moyen est 17 sur 19
Statistiques - réponses
exportations importations pays % Correct
795 mil 1510 mil Russie
100%
1940 mil 2473 mil Allemagne
99%
414 mil 577 mil France
99%
1603 mil Chine
96%
2168 mil 1985 mil Italie
94%
514 mil 482 mil Croatie
90%
587 mil Macédoine
90%
336 mil 834 mil Pologne
90%
846 mil 553 mil Roumanie
88%
476 mil 569 mil Slovénie
88%
1229 mil 445 mil Bosnie-Herzégovine
87%
423 mil 362 mil Bulgarie
87%
478 mil 883 mil Hongrie
87%
302 mil Slovaquie
87%
723 mil Monténégro
82%
668 mil Turquie
82%
368 mil 483 mil Tchèquie
81%
375 mil 584 mil Autriche
75%
440 mil Belgique
67%
Aucun quiz correspondant
Distribution des résultats
% des personnes avec chaque résultat
Percentile par nombre de réponses
Votre historique - résultats
Vous n’avez pas pris ce quiz